Interné podnikateľské prostredie pre vybraný subjekt podnikania v zahraničí

Rozobratie marketingu v rámci marketingového oddelenia ako interného prvku podnikateľského prostredia v hoteli Costa Calero na ostrove Lanzarote. Predstavuje tu dôležitú súčasť vedenia hotela a jeho stratégie do budúcnosti.

Uložené v:
Podrobná bibliografia
Hlavný autor: Piačková, Alexandra
Médium: Kapitola
Jazyk:Slovak
Predmet:
Tagy: Pridať tag
Žiadne tagy, Buďte prvý, kto otaguje tento záznam!

MARC

LEADER 00000nla a2200000 4500
001 0164552
005 20240502072855.2
041 0 |a slo 
044 |a SK 
245 1 0 |a Interné podnikateľské prostredie pre vybraný subjekt podnikania v zahraničí  |c Alexandra Piačková 
520 |a Rozobratie marketingu v rámci marketingového oddelenia ako interného prvku podnikateľského prostredia v hoteli Costa Calero na ostrove Lanzarote. Predstavuje tu dôležitú súčasť vedenia hotela a jeho stratégie do budúcnosti. 
610 2 0 |a prostredie podnikateľské 
610 2 0 |a ruch cestovný 
610 2 0 |a marketing 
610 2 0 |a nástroje marketingové 
610 2 0 |a stratégia marketingová 
610 2 0 |a Španielsko 
100 1 |a Piačková, Alexandra